Carregant...

Personality Tests And Assessments /

Dades bibliogràfiques
Autor principal: Vernon, Philip E
Format: Printed Book
Publicat: London Methuen & Co Ltd 1953
LEADER 00401nam a22001217a 4500
082 |a 155.2  |b VER 
100 |a Vernon, Philip E  
245 |a Personality Tests And Assessments /  |c Philip E Vernon  
260 |a London  |b Methuen & Co Ltd   |c 1953 
300 |a 220 
942 |c BK 
999 |c 312357  |d 312357 
952 |0 0  |1 0  |4 0  |6 155_200000000000000_VER4  |7 0  |9 333936  |a PSY  |b PSY  |c GEN  |d 2020-11-19  |o 155.2 VER;4  |p PSY2231  |w 2020-11-19  |y BK